Dark fire / (Record no. 1656)

MARC details
000 -LEADER
fixed length control field 01136cam a2200313 a 4500
005 - DATE AND TIME OF LATEST TRANSACTION
control field 20231123101135.0
020 ## - INTERNATIONAL STANDARD BOOK NUMBER
International Standard Book Number 9780545102735
040 ## - CATALOGING SOURCE
Original cataloging agency DLC
Transcribing agency DLC
Modifying agency DLC
Language of cataloging eng
050 00 - LIBRARY OF CONGRESS CALL NUMBER
Classification number PZ7.D6475
Item number Dar 2009
082 00 - DEWEY DECIMAL CLASSIFICATION NUMBER
Classification number 823.914
Edition number 22
100 1# - MAIN ENTRY--PERSONAL NAME
Personal name D'Lacey, Chris
245 10 - TITLE STATEMENT
Title Dark fire /
Statement of responsibility, etc. Chris d'Lacey
250 ## - EDITION STATEMENT
Edition statement First Scholastic paperback printing, September 2010
260 ## - PUBLICATION, DISTRIBUTION, ETC.
Place of publication, distribution, etc. New York :
Name of publisher, distributor, etc. Scholastic,
Date of publication, distribution, etc. 2009
300 ## - PHYSICAL DESCRIPTION
Extent 567 pages :
Dimensions 20 cm
500 ## - GENERAL NOTE
General note Sequel to: Fire eternal.
500 ## - GENERAL NOTE
General note Sequel: Fire world.
505 ## - FORMATTED CONTENTS NOTE
Formatted contents note R <br/>
520 ## - SUMMARY, ETC.
Summary, etc. Bestselling author David Rain returns to help Lucy and the Pennykettle dragons try to find and destroy a drop of dark fire before it is discovered and used to birth a darkling, while in the Arctic, enshrouded in mist, hide dragons that have at last returned to Earth.
521 ## - TARGET AUDIENCE NOTE
Target audience note 740 <br/>
Source Lexile <br/>
521 ## - TARGET AUDIENCE NOTE
Target audience note R <br/>
Source Raz-Plus <br/>
650 #1 - SUBJECT ADDED ENTRY--TOPICAL TERM
Topical term or geographic name entry element Dragons
Form subdivision Fiction.
650 #1 - SUBJECT ADDED ENTRY--TOPICAL TERM
Topical term or geographic name entry element Supernatural
Form subdivision Fiction.
650 #1 - SUBJECT ADDED ENTRY--TOPICAL TERM
Topical term or geographic name entry element Good and evil
Form subdivision Fiction.
650 #1 - SUBJECT ADDED ENTRY--TOPICAL TERM
Topical term or geographic name entry element Authorship
Form subdivision Fiction.
906 ## - LOCAL DATA ELEMENT F, LDF (RLIN)
a 7
b cbc
c orignew
d 1
e ecip
f 20
g y-gencatlg
942 ## - ADDED ENTRY ELEMENTS (KOHA)
Source of classification or shelving scheme Dewey Decimal Classification
Koha item type Books
Suppress in OPAC No
999 ## -
-- 1656
-- 1656
Holdings
Withdrawn status Lost status Source of classification or shelving scheme Damaged status Not for loan Collection Home library Current library Shelving location Date acquired Total Checkouts Full call number Barcode Date last seen Date last checked out Price effective from Koha item type
    Dewey Decimal Classification     Juvenile Fiction Footprints International School Library Network Toul Kork Campus Footprints International School Library Network Toul Kork Campus   09/13/2023 2 LAC 823.914 PZ7.D6475 FISSE00852 01/22/2024 01/15/2024 09/13/2023 Books